| 000 | 00345nam a2200145Ia 4500 | ||
|---|---|---|---|
| 100 | _aNone | ||
| 942 | _cBK | ||
| 366 | _f28 | ||
| 654 | _akautilya | ||
| 245 | _aKautilya's Arthashastra:the way of Financial management and economic governance | ||
| 260 |
_bJaico Publishing House _c2014 |
||
| 082 | _bKAU | ||
| 300 | _a168 | ||
| 546 | _aENGLISH | ||
| 999 |
_c28742 _d28742 |
||